00283nam a2200097 a 450000500170000000800410001705000180005810000240007624500420010026000430014220140414131856.0100828s19uu xx 00 eng d aFILbB46 2001 aVillanueva, Rene O. aBertdey ni Guido :bGuido's birthday. aManila, Philippines :bLampara,c2001.